[Event "GER-chT Betriebe 15th"]
[Site "Munich"]
[Date "2015.10.24"]
[Round "5.2"]
[White "Kern, Hans Joachim"]
[Black "Stark, Rainer"]
[Result "1/2-1/2"]
[WhiteElo "1719"]
[BlackElo "2090"]
[PlyCount "82"]
[EventDate "2015.10.22"]
[EventType "team-swiss"]
[EventRounds "7"]
[EventCountry "GER"]
[SourceTitle "EXT 2020"]
[Source "ChessBase"]
[SourceDate "2019.10.17"]
[SourceVersion "1"]
[SourceVersionDate "2019.10.17"]
[SourceQuality "1"]
[WhiteTeam "Heilbronn Kreissparkasse"]
[BlackTeam "Bonn Deutscher Bundestag"]
[WhiteTeamCountry "GER"]
[BlackTeamCountry "GER"]

1. d4 Nf6 2. Bg5 d5 3. Nf3 e6 4. Nbd2 Be7 5. e3 0-0 6. Bd3 b6 7. c3 Ba6 8. c4 dxc4 9. Bxf6 cxd3 10. Bxe7 Qxe7 11. 0-0 c5 12. b3 Nd7 13. Re1 e5 14. dxe5 Nxe5 15. Nxe5 Qxe5 16. Nc4 Qd5 17. Rc1 b5 18. Nd2 Rac8 19. e4 Qd7 20. Re3 c4 21. bxc4 bxc4 22. Rc3 Rfd8 23. h3 Qd4 24. Qc1 g6 25. Qa3 Bb5 26. Re1 Ba4 27. e5 Bb3 28. Qb2 Bxa2 29. Re4 Qb6 30. Qxa2 Qb4 31. Qa1 a5 32. Qc1 Qb5 33. Nf3 Qd5 34. Nd2 a4 35. Kf1 Ra8 36. f3 Rdc8 37. Qa3 Re8 38. Rcxc4 Rxe5 39. Rxe5 Qxe5 40. Qxd3 a3 41. Rc1 a2 1/2-1/2

[Event "GER-chT Betriebe 15th"]
[Site "Munich"]
[Date "2015.10.23"]
[Round "4.2"]
[White "Achermann, Didier"]
[Black "Kern, Hans Joachim"]
[Result "1-0"]
[WhiteElo "1724"]
[BlackElo "1719"]
[PlyCount "118"]
[EventDate "2015.10.22"]
[EventType "team-swiss"]
[EventRounds "7"]
[EventCountry "GER"]
[SourceTitle "EXT 2020"]
[Source "ChessBase"]
[SourceDate "2019.10.17"]
[SourceVersion "1"]
[SourceVersionDate "2019.10.17"]
[SourceQuality "1"]
[WhiteTeam "Muenchen EPA IV"]
[BlackTeam "Heilbronn Kreissparkasse"]
[WhiteTeamCountry "GER"]
[BlackTeamCountry "GER"]

1. e4 e5 2. Nf3 d6 3. d4 exd4 4. Nxd4 Nf6 5. Nc3 Be7 6. Be2 a6 7. a4 Bd7 8. Be3 Nc6 9. 0-0 0-0 10. f4 Nxd4 11. Bxd4 Bc6 12. Bf3 Nd7 13. Qd2 b5 14. axb5 axb5 15. Nd5 Re8 16. Qc3 Bxd5 17. exd5 Rxa1 18. Rxa1 Bf6 19. g3 Bxd4+ 20. Qxd4 Nb6 21. Kf2 Qe7 22. Qc3 Qd7 23. Bg2 h5 24. h3 f5 25. h4 Nc4 26. b3 Nb6 27. Ra7 Re7 28. Bf3 g6 29. Ra1 Qe8 30. Re1 Rxe1 31. Qxe1 Qxe1+ 32. Kxe1 b4 33. Kd2 Kf7 34. Kd3 Ke7 35. Kd4 Kf6 36. Be2 Ke7 37. Bb5 Kd8 38. Bc6 Ke7 39. c3 bxc3 40. Kxc3 Kd8 41. Kb4 Nc8 42. Bb7 Ne7 43. Kc3 Ng8 44. Ba6 Nf6 45. Kd4 Ne4 46. Be2 Nxg3 47. Bf3 Nf1 48. Kd3 Nh2 49. Be2 Ng4 50. Kd4 Nf6 51. Bd3 Kc8 52. b4 Kb7 53. Bb5 Kc8 54. Ba4 Kd8 55. Bc6 Ke7 56. Bb7 Ne4 57. Bc8 Nd2 58. Ke3 Kf6 59. Kxd2 Ke7 1-0

[Event "GER-chT Betriebe 15th"]
[Site "Munich"]
[Date "2015.10.23"]
[Round "6.2"]
[White "Weidl, Robert"]
[Black "Kern, Hans Joachim"]
[Result "1-0"]
[WhiteElo "1875"]
[BlackElo "1719"]
[PlyCount "141"]
[EventDate "2015.10.22"]
[EventType "team-swiss"]
[EventRounds "7"]
[EventCountry "GER"]
[SourceTitle "EXT 2020"]
[Source "ChessBase"]
[SourceDate "2019.10.17"]
[SourceVersion "1"]
[SourceVersionDate "2019.10.17"]
[SourceQuality "1"]
[WhiteTeam "Muenchen ADAC II"]
[BlackTeam "Heilbronn Kreissparkasse"]
[WhiteTeamCountry "GER"]
[BlackTeamCountry "GER"]

1. e4 c5 2. Nf3 d6 3. d4 cxd4 4. Nxd4 Nc6 5. Nc3 Nf6 6. Be2 a6 7. Be3 Bd7 8. 0-0 Qc7 9. f4 e5 10. Nb3 Rc8 11. Bf3 Be7 12. Na4 b5 13. Nb6 Rd8 14. Qe2 0-0 15. a4 bxa4 16. Nxa4 Rb8 17. Qxa6 Nb4 18. Qa7 Rb7 19. Qa5 Qxc2 20. Nd2 Bd8 21. Qa8 Rc7 22. Ra3 Bc6 23. Qb8 Rb7 24. Qa8 Bb6 25. Qxb7 Bxb7 26. Nxb6 Qc7 27. Rc3 Qb8 28. fxe5 dxe5 29. Bc5 Rd8 30. Ndc4 Na6 31. Bd6 Rxd6 32. Nxd6 Qxd6 33. Nc4 Qe7 34. Rd1 g6 35. Nd6 Kg7 36. Rb3 Nc5 37. Rb5 Bxe4 38. Rxc5 Bxf3 39. gxf3 e4 40. Rg5 Qa7+ 41. Kg2 h6 42. Rg3 Nh5 43. Rg4 exf3+ 44. Kxf3 Qa8+ 45. Kf2 Nf6 46. Rb4 h5 47. Rdd4 Ng4+ 48. Kg3 Qc6 49. Rb7 Ne5 50. Kf4 Qc5 51. Rd1 g5+ 52. Ke4 Kg6 53. Rd5 f5+ 54. Nxf5 Qc2+ 55. Kxe5 Qxf5+ 56. Kd6 Qf8+ 57. Kc7 h4 58. Rb6+ Kh5 59. Rbb5 Qf4+ 60. Kc6 h3 61. Rxg5+ Qxg5 62. Rxg5+ Kxg5 63. b4 Kf4 64. b5 Kf3 65. b6 Kg2 66. b7 Kxh2 67. b8Q+ Kh1 68. Qb1+ Kg2 69. Qc2+ Kg1 70. Qd1+ Kg2 71. Qg4+ 1-0